Douglas Allen : a journey to the wild :

Bibliographic Details
Main Author: Allen, Douglas, 1935-
Corporate Author: Kennedy Galleries
Format: Book
Language:English
Published: New York : Kennedy Galleries, [1978]
Subjects:

MARC

Tag First Indicator Second Indicator Subfields
LEADER 00000cam a2200000 i 4500
001 in00000018250
005 20151007053207.0
008 790120s1978 nyua c 00000 eng d
035 |a (OCoLC)04567892 
035 |9 AAB0737AM 
040 |a BAT  |c BAT  |d m.c.  |d m/c  |d TXA  |d UtOrBLW 
049 |a TXAS  |c [A09876706] 
050 4 |a ND237.A39  |b A4 1978 
100 1 |a Allen, Douglas,  |d 1935- 
245 1 0 |a Douglas Allen :  |b a journey to the wild :  |b November 1 through December 2, 1978. 
264 1 |a New York :  |b Kennedy Galleries,  |c [1978] 
264 4 |c ©1978 
300 |a 32 unnumbered pages :  |b chiefly illustrations ;  |c 28 cm. 
336 |a text  |b txt  |2 rdacontent 
337 |a unmediated  |b n  |2 rdamedia 
338 |a volume  |b nc  |2 rdacarrier 
600 1 0 |a Allen, Douglas,  |d 1935- 
710 2 |a Kennedy Galleries. 
999 |a MARS 
999 f f |s fbcbdba0-4ff6-390a-8181-26cd5fe3c20b  |i a1853627-5b62-3d48-a432-1b2e9fa6586a  |t 0 
952 f f |p noncirc  |a Texas A&M University  |b College Station  |c Cushing Memorial Library & Archives  |d Cushing: Dykes (Does not check out)  |t 0  |e ND237.A39 A4 1978  |h Library of Congress classification  |i unmediated -- volume  |m A14853128199 
998 f f |a ND237.A39 A4 1978  |t 0  |l Cushing: Dykes (Does not check out)